Zu diesem Heft

Saved in:
Bibliographic Details
Main Author: Theißen, Gerd (Author)
Format: Article (Journal) Editorial
Language:German
Published: 2015
In: Jahresheft der Theologischen Fakultät der Universität Heidelberg
Year: 2014, Volume: 10, Pages: 6
Online Access: Get full text
Author Notes:Gerd Theißen

MARC

LEADER 00000caa a2200000 c 4500
001 1636242529
003 DE-627
005 20220816014931.0
007 tu
008 170113s2015 xx ||||| 00| ||ger c
035 |a (DE-627)1636242529 
035 |a (DE-576)481723927 
035 |a (DE-599)BSZ481723927 
035 |a (OCoLC)1341183136 
040 |a DE-627  |b ger  |c DE-627  |e rda 
041 |a ger 
084 |a 12  |2 sdnb 
084 |a 1  |2 ssgn 
100 1 |a Theißen, Gerd  |d 1943-  |e VerfasserIn  |0 (DE-588)115438106  |0 (DE-627)077252977  |0 (DE-576)163291942  |4 aut 
245 1 0 |a Zu diesem Heft  |c Gerd Theißen 
264 1 |c 2015 
300 |a 1 
336 |a Text  |b txt  |2 rdacontent 
337 |a ohne Hilfsmittel zu benutzen  |b n  |2 rdamedia 
338 |a Band  |b nc  |2 rdacarrier 
773 0 8 |i Enthalten in  |a Universität Heidelberg. Theologische Fakultät  |t Jahresheft der Theologischen Fakultät der Universität Heidelberg  |d Heidelberg : Förderverein, 2010  |g 10(2014/15), Seite 6  |w (DE-627)721937543  |w (DE-600)2676344-8  |w (DE-576)369753259  |7 nnas 
773 1 8 |g volume:10  |g year:2014/15  |g pages:6  |g extent:1  |a Zu diesem Heft 
776 0 8 |i Erscheint auch als  |n Online-Ausgabe  |a Theißen, Gerd, 1943 -   |t Zu diesem Heft  |d 2015  |w (DE-627)1668949857 
951 |a AR 
992 |a 20170113 
993 |a Editorial 
998 |g 115438106  |a Theißen, Gerd  |m 115438106:Theißen, Gerd  |d 10000  |e 10000PT115438106  |k 0/10000/  |p 1  |x j  |y j 
999 |a KXP-PPN1636242529  |e 3293427979 
BIB |a Y 
SER |a journal 
JSO |a {"title":[{"title":"Zu diesem Heft","title_sort":"Zu diesem Heft"}],"relHost":[{"language":["ger"],"type":{"bibl":"periodical"},"id":{"zdb":["2676344-8"],"eki":["721937543"]},"title":[{"title":"Jahresheft der Theologischen Fakultät der Universität Heidelberg","title_sort":"Jahresheft der Theologischen Fakultät der Universität Heidelberg"}],"part":{"year":"2014/15","volume":"10","extent":"1","pages":"6","text":"10(2014/15), Seite 6"},"corporate":[{"display":"Universität Heidelberg","role":"aut"}],"origin":[{"publisherPlace":"Heidelberg","publisher":"Förderverein","dateIssuedKey":"2010","dateIssuedDisp":"2010-"}],"recId":"721937543","name":{"displayForm":["Förderverein der Theologischen Fakultät (Hg.)"]},"disp":"Universität Heidelberg. Theologische FakultätJahresheft der Theologischen Fakultät der Universität Heidelberg","pubHistory":["5.2009/10(2010) -"]}],"id":{"eki":["1636242529"]},"name":{"displayForm":["Gerd Theißen"]},"type":{"bibl":"article-journal"},"language":["ger"],"recId":"1636242529","origin":[{"dateIssuedKey":"2015","dateIssuedDisp":"2015"}],"person":[{"role":"aut","display":"Theißen, Gerd","given":"Gerd","family":"Theißen"}],"physDesc":[{"extent":"1 S."}]} 
SRT |a THEISSENGEZUDIESEMHE2015